| 000 | 00993nam a2200277 i 4500 | ||
|---|---|---|---|
| 001 | bg | ||
| 100 | 1 | _aWSPÓŁCZESNE, | |
| 245 | 0 | 0 |
_aWspółczesne kierunki ekologii : _bekologia behawioralna : materiały z sympozjum Lublin 25-26 listopada 1995 roku / _cpod red. Tadeusza Puszkara, Lucyny Puszkar ; Wydawnictwo Uniwersytetu Marii Curie-Skłodowskiej. Zakład Ochrony Przyrody UMCS, Polskie Towarzystwo Ekologiczne. |
| 260 |
_aLublin : _bWydaw. UMCS, _c1997. |
||
| 300 |
_a418 s. : _bfaks., mapy, rys., wykr. ; _c24 cm. |
||
| 500 | _aStreszcz. ang. | ||
| 504 | _aBibliogr. przy ref. | ||
| 650 | 9 | _aBehawioryzm | |
| 650 | 9 | _aEkologia | |
| 650 | 9 |
_aZachowanie _xzoologia |
|
| 655 | _aMateriały konferencyjne | ||
| 700 | 1 |
_aPUSZKAR, Tadeusz. _eRed. |
|
| 700 | 1 |
_aPUSZKAR, Lucyna. _eRed. |
|
| 020 | _a8322710135 | ||
| 040 | _cBPK | ||
| 041 | 0 |
_apl _ben |
|
| 080 | _a574:159.9.01:591.5](061) | ||
| 920 | _a83-227-1013-5 | ||
| 942 | _cKS | ||
| 008 | s pl f |000 0 pol | ||
| 999 |
_c35894 _d35894 |
||
| 856 |
_uhttp://koha.tu.koszalin.pl/cgi-bin/koha/opac-detail.pl?biblionumber=35894 _yKatalog online BPK |
||